Policy risk in action: pension reforms and social security wealth in Hungary, Czech Republic and Slovakia
Salvato in:
| Autore principale: | |
|---|---|
| Altri autori: | |
| Natura: | Capitolo di libro |
| Lingua: | inglese |
| Soggetti: | |
| Tags: |
Nessun Tag, puoi essere il primo ad aggiungerne!!
|
MARC
| LEADER | 00000naa$a2200000$$$4500 | ||
|---|---|---|---|
| 001 | 0092535 | ||
| 005 | 20231010112237.2 | ||
| 041 | 0 | |a eng | |
| 044 | |a CZ | ||
| 245 | 1 | 0 | |a Policy risk in action: pension reforms and social security wealth in Hungary, Czech Republic and Slovakia |c Libor Dušek, Juraj Kopecsni |
| 610 | 2 | 0 | |a reformy dôchodkové |
| 610 | 2 | 0 | |a ochrana sociálna |
| 610 | 2 | 0 | |a pomoc sociálna |
| 610 | 2 | 0 | |a Maďarsko |
| 610 | 2 | 0 | |a Česko |
| 610 | 2 | 0 | |a Slovensko |
| 610 | 2 | 0 | |a riziko |
| 100 | 1 | |a Dušek, Libor | |
| 700 | 1 | |a Kopecsni, Juraj | |